中国人均接待外国游客最多/少的省区 Provinces with most/least foreign visitor per capita - Statistics

General Stats
  • This quiz has been taken 191 times
  • The average score is 10 of 14
Answer Stats
人均外国游客 % Correct
最多 0.241 上海
99%
最多 0.147 北京
99%
最多 0.102 西藏
93%
最少 0.010 新疆
90%
最少 0.006 宁夏
71%
最多 0.077 内蒙古
71%
最少 0.008 青海
70%
最多 0.084 陕西
68%
最少 0.004 甘肃
67%
最多 0.125 云南
66%
最少 0.012 河南
64%
最少 0.010 河北
62%
最少 0.006 贵州
53%
最多 0.109 海南
44%
No matching quizzes found
Score Distribution
Percent of People with Each Score
Percentile by Number Answered
Your Score History
You have not taken this quiz